اكتمل التصدير — 

Das Grab des Amonmose (TT 373)

محفوظ في:

المؤلف الرئيسي: Karl-Joachim Seyfried

التنسيق: كتاب

اللغة: Undetermined

منشور في: Mainz Philipp von Zabern 1990

سلاسل: Theben, Bd. 4

الموضوعات:

الوسوم: إضافة وسم

لا توجد وسوم, كن أول من يضع وسما على هذه التسجيلة!

رقم الطلب: (F) DT73 .T3 T65 v.4

LEADER 00777nam a2200205Ia 4500
008 220904s9999||||xx |||||||||||||| ||und||
020 |a 3805310897 
050 |a (F) DT73 .T3 T65 v.4 
100 1 |a  Karl-Joachim Seyfried 
245 1 0 |a Das Grab des Amonmose (TT 373)   |c Karl-Joachim Seyfried 
264 1 |a Mainz   |b  Philipp von Zabern  |c 1990 
300 |a  IX, 324.p iv, lxv p of plates  |b ill (some col.)  |c 34cm 
490 0 |a  Theben, Bd. 4 
504 |a Includes bibliographical referencesn (p.314 -324) 
505 0 |a Amenmose -- Tomb.  
650 4 |a Thebes (Egypt : Extinct city)  
650 4 |a Tombs -- Egypt.  
942 |2 lcc  |c BK 
952 |0 0  |1 0  |2 lcc  |3 V.4  |4 0  |7 1  |9 42722  |a ARCE  |b ARCE  |d 2022-09-04  |l 0  |o (F) DT73 .T3 T65 v.4  |p 1031793  |r 2022-09-04 00:00:00  |w 2022-09-04  |y BK 
999 |c 49395  |d 49395